Odhad parametrov produkčnej funkcie habilitačná prednáška

Saved in:
Bibliographic Details
Main Author: Szomolányi, Karol, 1976-
Corporate Author: Ekonomická univerzita v Bratislave. Fakulta hospodárskej informatiky
Format: Book
Language:Slovak
Published: Bratislava 2014
Edition:1. vyd.
Series:Habilitačné a inauguračné prednášky
Subjects:
Tags: Add Tag
No Tags, Be the first to tag this record!

MARC

LEADER 00000nam$a2200000$$$4500
001 0185894
005 20240502073200.4
020 |a 978-80-225-3862-6 
041 0 |a slo 
044 |a SK 
245 1 0 |a Odhad parametrov produkčnej funkcie  |b habilitačná prednáška  |c Karol Szomolányi 
250 |a 1. vyd. 
264 1 |a Bratislava  |c 2014 
300 |a 48 s. 
490 1 |a Habilitačné a inauguračné prednášky 
830 0 |a Habilitačné a inauguračné prednášky 
610 2 0 |a funkcie produkčné 
610 2 0 |a modely matematické 
610 2 0 |a výskum operačný 
610 2 0 |a ekonometria 
100 1 |a Szomolányi, Karol, 1976- 
710 2 |a Ekonomická univerzita v Bratislave. Fakulta hospodárskej informatiky